| 000 | 00736cam a22002171 4500 | ||
|---|---|---|---|
| 001 | agr07000050 | ||
| 003 | DLC | ||
| 005 | 20260227110925.0 | ||
| 008 | 800922s1906 dcuf f000 0 eng c | ||
| 010 | _aagr07000050 | ||
| 035 | _a(OCoLC)6739239 | ||
| 040 |
_aU.S. Dept. of agr. Library 1W37Bu _cTM _dDLC |
||
| 050 | 0 | 0 |
_aQC983 _b.H52 |
| 100 | 1 |
_aHenry, Alfred Judson, _d1858-1931. |
|
| 245 | 1 | 0 |
_aClimatology of the United States. _cBy Alfred Judson Henry. |
| 260 |
_aWashington, _bGovt. print. off., _c1906. |
||
| 300 |
_a1012 p. _bxxxiii pl. _c31 x 26 cm. |
||
| 490 | 0 | _aU.S. Weather bureau. Bulletin Q | |
| 500 | _aAt head of title: W.B., no. 361 U.S. Department of agriculture. Weather bureau. | ||
| 651 | 0 |
_aUnited States _xClimate. |
|
| 999 |
_c7384 _d7384 |
||